<?xml version="1.0" encoding="UTF-8"?>
<record
    xmlns:xsi="http://www.w3.org/2001/XMLSchema-instance"
    xsi:schemaLocation="http://www.loc.gov/MARC21/slim http://www.loc.gov/standards/marcxml/schema/MARC21slim.xsd"
    xmlns="http://www.loc.gov/MARC21/slim">

  <leader>00412nam a2200157Ia 4500</leader>
  <controlfield tag="008">230719s9999    xx            000 0 und d</controlfield>
  <datafield tag="041" ind1=" " ind2=" ">
    <subfield code="a">eng</subfield>
  </datafield>
  <datafield tag="082" ind1=" " ind2=" ">
    <subfield code="a">541.3</subfield>
    <subfield code="b">BAH</subfield>
  </datafield>
  <datafield tag="100" ind1=" " ind2=" ">
    <subfield code="a">Bahl B.S.</subfield>
    <subfield code="9">203700</subfield>
  </datafield>
  <datafield tag="245" ind1=" " ind2=" ">
    <subfield code="a">Essentials Of Physical Chemistry</subfield>
  </datafield>
  <datafield tag="250" ind1=" " ind2=" ">
    <subfield code="a">23rd ed.</subfield>
  </datafield>
  <datafield tag="260" ind1=" " ind2=" ">
    <subfield code="c">1994</subfield>
    <subfield code="b">S.Chand &amp; Company Ltd.</subfield>
  </datafield>
  <datafield tag="300" ind1=" " ind2=" ">
    <subfield code="a">866</subfield>
  </datafield>
  <datafield tag="365" ind1=" " ind2=" ">
    <subfield code="c">Rs.</subfield>
    <subfield code="b">95.00</subfield>
  </datafield>
  <datafield tag="700" ind1=" " ind2=" ">
    <subfield code="a">Bahl B.S.; Tuli G.D. &amp; Bahl A.</subfield>
    <subfield code="9">203701</subfield>
  </datafield>
  <datafield tag="999" ind1=" " ind2=" ">
    <subfield code="c">353968</subfield>
    <subfield code="d">353968</subfield>
  </datafield>
  <datafield tag="952" ind1=" " ind2=" ">
    <subfield code="0">0</subfield>
    <subfield code="1">0</subfield>
    <subfield code="4">0</subfield>
    <subfield code="7">0</subfield>
    <subfield code="a">CCEP</subfield>
    <subfield code="b">CCEP</subfield>
    <subfield code="c">Donated Book</subfield>
    <subfield code="d">2012-05-22</subfield>
    <subfield code="e">Masurkar Enterprises</subfield>
    <subfield code="g">95.00</subfield>
    <subfield code="l">1</subfield>
    <subfield code="o">541.3</subfield>
    <subfield code="p">CCEP-DB-173</subfield>
    <subfield code="r">2024-10-25 00:00:00</subfield>
    <subfield code="s">2024-10-14</subfield>
    <subfield code="v">95.00</subfield>
    <subfield code="w">2023-07-19</subfield>
    <subfield code="y">BK</subfield>
    <subfield code="z">D00173</subfield>
  </datafield>
</record>
